Responses for Show #3551 - Monday, January 31, 2000

Lee Lassiter game 5.

Contestants

[<< previous game]

Arnie Perlstein, a real estate and business lawyer from Fort Lauderdale, Florida

Jose Siri, a graduate student from Ann Arbor, Michigan

Lee Lassiter, a computer programmer from Topeka, Kansas (whose 4-day cash winnings total $48,700)

[next game >>]

Jeopardy! Round responses

SPACE EXPLORATION
WEIGHTS & MEASURES
FEELING "ILL"
NAME
RANK
SERIAL NUMBERS
    $100 11
the Moon

Lee
    $100 1
3

Lee
    $100 2
a quill

Lee
    $100 12
bonnie

Arnie
    $100 19
(Jose: What is sergeant?)

lieutenant

Jose
Triple Stumper
    $100 26
(Alex: Less than a minute to go.)

General Hospital

Jose
    $200 13
extravehicular activity

Lee
    $200 3
links

Lee
    $200 5
a fillet

Lee
    $200 14
Mayo

Lee
    $200 20
a seaman

Arnie
    $200 27
(Arnie: Who is Lucci?)

Erica Kane

Arnie
Triple Stumper
    $300 16
Soyuz

Arnie
    $300 4
Celsius

Arnie
    $300 6
a billy club

Jose
    $300 15
Helen

Arnie
    $300 21
major general

Jose
    $300 28
Mary Hartman, Mary Hartman

Lee
    $400 17
Valentina Tereshkova

Jose
    $400 9
stones

Jose
    $400 7
pillbox

Lee
    $400 24
Janet Jackson

Lee
    $400 22
(Lee: What is admiral?)

captain

Lee
Triple Stumper
    $1,800 29
(Lee: What is All My Children?)

One Life to Live

Lee
    $500 18
Pathfinder

Triple Stumper
    $500 10
(Jose: What is a dram?)

a fifth

Jose
Triple Stumper
    $500 8
illicit

Lee
    $500 25
William Faulkner

Arnie
    $500 23
a squadron

Arnie
    $500 30
Guiding Light

Arnie

Scores at the first commercial break (after clue 15):

Lee Jose Arnie
$2,000 $200 $700

Scores at the end of the Jeopardy! Round:

Lee Jose Arnie
$500 $900 $2,500

Double Jeopardy! Round responses

NOBEL PRIZE MEDALS
SLAMMER CINEMA
(Alex: Name the film.)
PERU
POLITICIANS
ALEXANDER POPE-POURRI
BEFORE & AFTER
    $200 9
Peace

Jose
    $200 4
Jailhouse Rock

Arnie
    $200 1
Incas

Jose
    $200 24
(Alex: Less than a minute to go.)

Jesse Ventura

Lee
    $200 28
nothing

Lee
    $200 16
Phyllis George of the Jungle

Arnie
    $400 10
Literature

Jose
    $400 5
Escape From Alcatraz

Triple Stumper
    $400 2
(L: Who is Pinochet?)

Alberto Fujimori

LeeArnie
    $400 21
Daniel K. Inouye or Daniel K. Akaka

Lee
    $400 26
a cat

Jose
    $400 17
Paradise Lost & Found

Jose
    $600 11
Medicine

Arnie
    $600 6
Midnight Express

Lee
    $500 3
(Arnie: I have no idea.)

Javier Pérez de Cuéllar

Arnie
    $600 22
Jeb Bush

Lee
    $600 27
a spider

Arnie
    $600 18
Tree of Life on the Mississippi

Triple Stumper
    $800 12
Economics

Jose
    $800 7
Papillon

Lee
    $800 14
(Jose: What is Hindi?)

Quechua

Jose
Triple Stumper
    $800 23
Wendell Willkie

Arnie
    $700 29
(Lee: Who is Edison?)
[The end-of-round signal sounds.]

Isaac Newton

Lee
    $800 19
The Elephant Man of La Mancha

Lee
    $1000 13
Physics & Chemistry

Triple Stumper
    $1000 8
The Shawshank Redemption

Arnie
    $1000 15
(Jose: What is an alpaca?)

a vicuna

Jose
Triple Stumper
    $1000 25
James G. Blaine

Triple Stumper
    $1000 20
Bleak House at Pooh Corner

Triple Stumper

Scores at the end of the Double Jeopardy! Round:

Lee Jose Arnie
$3,000 $1,500 $5,800

[wagering suggestions for these scores]

Final Jeopardy! Round responses

CHILDREN'S LITERATURE
(Alex: Lee, what vehicle have you decided to accept?)
(Lee: The Tahoe.)
JoseWho was Florence Nightingale
$1,000
LeeWho is Jenny Lind
$2,899
ArnieWho was Clara Barton
$200
Jenny Lind

Final scores:

Lee Jose Arnie
$5,899 $500 $5,600
5-day champion: $54,599 3rd place: Fisher home theater system 2nd place: a trip to Sandals Royal Bahamian Resort

Game dynamics:

Coryat scores:

Lee Jose Arnie
$5,500 $1,500 $6,300
18 R,
4 W
(including 2 DDs)
11 R,
4 W
15 R,
2 W
(including 1 DD)

Combined Coryat: $13,300

[game clues] [game scores] [suggest correction]

Game tape date: 1999-11-17
The J! Archive is created by fans, for fans. Scraping, republication, monetization, and malicious use prohibited; this site may use cookies and collect identifying information. See terms. The Jeopardy! game show and all elements thereof, including but not limited to copyright and trademark thereto, are the property of Jeopardy Productions, Inc. and are protected under law. This website is not affiliated with, sponsored by, or operated by Jeopardy Productions, Inc. Join the discussion at JBoard.tv.